| 000 | 003620000a22001570004500 | ||
|---|---|---|---|
| 001 | 003449 | ||
| 003 | MACL | ||
| 040 | _aMACL | ||
| 090 |
_c15442 _d15441 |
||
| 100 | _aJoshi, S D | ||
| 245 |
_aAstadhyayi of Panini _bWith Translation and Explanatory Notes _cS D Joshi |
||
| 260 | _aSahitya Akademi | ||
| 350 | _a400 | ||
| 650 | _aBibliography | ||
| 942 |
_k10 _cBook |
||
| 999 |
_c15350 _d15350 |
||